Who's who in the ancient world (Record no. 11324)
[ view plain ]
| 000 -LEADER | |
|---|---|
| fixed length control field | 00452 a2200121 4500 |
| 020 ## - INTERNATIONAL STANDARD BOOK NUMBER | |
| International Standard Book Number | 0812813383 |
| 005 - DATE AND TIME OF LATEST TRANSACTION | |
| control field | 20191017174221.0 |
| 084 ## - OTHER CLASSIFICATION NUMBER | |
| Classification number | DE7 .R33 1971 |
| 245 ## - TITLE STATEMENT | |
| Title | Who's who in the ancient world |
| Medium | |
| 260 ## - PUBLICATION, DISTRIBUTION, ETC. | |
| Place of publication, distribution, etc. | nyu |
| Name of publisher, distributor, etc. | Stein and Day |
| Date of publication, distribution, etc. | [1971] |
| 300 ## - PHYSICAL DESCRIPTION | |
| Extent | xlvi, 225 p. illus., maps (on lining papers) 27 cm |
| Other physical details | xlvi, 225 p. illus., maps (on lining papers) 27 cm |
| Dimensions | xlvi, 225 p. illus., maps (on lining papers) 27 cm |
| 500 ## - GENERAL NOTE | |
| General note | Bibliography: p. xlvi. |
| 700 ## - ADDED ENTRY--PERSONAL NAME | |
| Personal name | Radice, Betty. |
No items available.